000 00505nam a2200181Ia 4500
003 SGT
020 _a9788131702055
082 _a4
_bAHO
100 _aAho,Alfred V
245 4 _aThe design and analysis of computer algorithms
260 _bPearson
_aN.Delhi
_c2009
300 _a470p.
650 _aCOMPUTER SCIENCE
653 _aMODELS OF COMPUTATION, DESIGN OF EFFICIENT ALGORITHMS, SORTING AND ORDER STATISTICS
700 _aHopcroft,John E
700 _aUllman.Jeffrey D
942 _2ddc
_cBK
_03
999 _c5330
_d5330